000
00461nam a2200181Ia 4500
008
090124s9999 xx 000 0 und d
082
_b
5278
_a
543
100
_a
फाटक ग. कृ.
245
_a
घर जांवई
250
_a
1
260
_c
1935
300
_a
56
600
_a
फाटक ग. कृ.
630
_a
घर जांवई
700
_a
फाटक ग. कृ.
730
_a
घर जांवई
942
_c
BOOK
999
_c
119219
_d
119219